Chansons de Véronique Sanson - Statistiques

Statistiques générales
  • Ce quiz a été pris 34 fois
  • Le résultat moyen est 34 sur 164
Statistiques - réponses
Album Titre % Correct
Vancouver 1 Vancouver
100%
Amoureuse 1 Amoureuse
93%
Amoureuse 9 Besoin de personne
80%
Le Maudit 6 Le Maudit (mais ta douleur efface ta faute)
80%
Amoureuse 10 Bahia
73%
Sans regrets 1 Sans regrets
67%
De l'autre côté de mon rêve 2 Une nuit sur son épaule
67%
De l'autre côté de mon rêve 7 Chanson sur ma drôle de vie
60%
Indestructible 1 Indestructible
60%
Longue Distance 12 Longue Distance
60%
Laisse-la vivre 5 Laisse-la vivre
53%
Sans regrets 4 Rien que de l'eau
53%
Hollywood 1 Bernard's Song (Il n'est de nulle part)
47%
De l'autre côté de mon rêve 6 De l'autre côté de mon rêve
47%
7ème 3 Ma révérence
47%
Laisse-la vivre 3 Je serai là
40%
Le Maudit 1 Alia Souza
33%
Le Maudit 10 Bouddha
33%
De l'autre côté de mon rêve 9 Comme je l'imagine
33%
Indestructible 10 Je me suis tellement manquée
33%
Laisse-la vivre 8 Les choses qu'on dit aux vieux amis
33%
Hollywood 2 Les Délices d'Hollywood
33%
Véronique Sanson 4 Le temps est assassin
33%
Le Maudit 4 Véronique
33%
Moi le venin 1 Allah
27%
7ème 6 Celui qui n'essaie pas (ne se trompe qu'une seule fois)
27%
Le Maudit 2 Christopher
27%
Dignes, dingues, donc... 1 Dignes, dingues, donc...
27%
Dignes, dingues, donc... 3 Et je l'appelle encore
27%
Hollywood 7 Féminin
27%
Dignes, dingues, donc... 10 La Loi des poules
27%
D'un papillon à une étoile 13 La Minute de silence
27%
D'un papillon à une étoile 2 Le Paradis blanc
27%
D'un papillon à une étoile 8 Les Princes des villes
27%
7ème 7 Mi-maître, mi-esclave
27%
Vancouver 7 Sad Limousine
27%
Plusieurs lunes 14 Aah... Enfin !
20%
Longue Distance 2 Annecy
20%
Véronique Sanson 1 C'est long c'est court
20%
D'un papillon à une étoile 7 Diego libre dans sa tête
20%
Amoureuse 12 Dis-lui (de revenir)
20%
Laisse-la vivre 2 Doux dehors, fou dedans
20%
Vancouver 9 Full Tilt Frog
20%
Véronique Sanson 3 Il a tout ce que j'aime
20%
Indestructible 9 J'ai l'honneur d'être une fille
20%
Longue Distance 1 J'aime un homme
20%
Plusieurs lunes 10 Je me fous de tout
20%
D'un papillon à une étoile 9 Je reviens de loin
20%
Véronique Sanson 6 J'y perds des plumes
20%
Longue Distance 10 La Douceur du danger
20%
Laisse-la vivre 7 L'amour qui bat
20%
Longue Distance 11 La vie se fuit de moi
20%
Moi le venin 9 Le Désir
20%
Sans regrets 8 Le Feu du ciel
20%
Sans regrets 5 Les Hommes
20%
Indestructible 2 Les Tyrans
20%
Amoureuse 4 Louis
20%
Sans regrets 2 Louise
20%
D'un papillon à une étoile 4 Lumière du jour
20%
D'un papillon à une étoile 6 L'un sans l'autre
20%
Moi le venin 3 Marie
20%
Sans regrets 3 Mon voisin (1)
20%
Sans regrets 11 Mon voisin (2)
20%
Le Maudit 11 On m'attend là-bas
20%
Sans regrets 10 Panne de cœur
20%
Moi le venin 6 Paranoïa
20%
Vancouver 3 Redoutable
20%
Véronique Sanson 5 Tout va bien
20%
Vancouver 8 Tu sais que je t'aime bien
20%
Indestructible 7 Un être idéal
20%
Moi le venin 2 Un peu d'air pur et hop
20%
Le Maudit 5 Un peu plus de noir
20%
Longue Distance 14 5ème étage
13%
Véronique Sanson 10 Ainsi s'en va la vie
13%
D'un papillon à une étoile 12 Attends-moi
13%
Véronique Sanson 8 Avec un homme comme toi
13%
Moi le venin 8 Caméléon
13%
Dignes, dingues, donc... 4 Ces moments-là
13%
Véronique Sanson 9 C'est bizarre
13%
D'un papillon à une étoile 5 Chanson pour une fan
13%
Plusieurs lunes 5 Cliques-claques
13%
Longue Distance 4 Code secret
13%
Indestructible 8 Dans la même ville
13%
Dignes, dingues, donc... 6 Des X et des I grecs
13%
De l'autre côté de mon rêve 3 Devine-moi
13%
Dignes, dingues, donc... 2 Docteur Jedi et Mr Kill
13%
Vancouver 6 Étrange comédie
13%
Hollywood 6 Harmonies
13%
Indestructible 5 Histoire sans intérêt
13%
Hollywood 9 How Many Lies
13%
Véronique Sanson 7 J'ai la musique au moins
13%
Hollywood 4 J'ai perdu ton adresse
13%
7ème 2 Je suis la seule
13%
Moi le venin 5 Jet Set
13%
Moi le venin 7 Jette-le
13%
Plusieurs lunes 2 Je veux être un homme
13%
Sans regrets 6 Jusqu'à la tombée du jour
13%
Plusieurs lunes 6 Juste pour toi
13%
Longue Distance 6 Juste un peu d'amour
13%
Hollywood 8 L'amour est différent
13%
D'un papillon à une étoile 11 L'amour est là
13%
Plusieurs lunes 1 La nuit se fait attendre
13%
Dignes, dingues, donc... 5 L'Écume de ma mémoire
13%
7ème 5 Lerida (dans la ville de)
13%
Hollywood 10 Les Délires d'Hollywood
13%
Longue Distance 9 Les Faux Magiciens
13%
Indestructible 6 Les Fiancés
13%
Le Maudit 8 L'Étoile rouge
13%
Longue Distance 3 L'Homme de farandole
13%
Le Maudit 7 Ma musique s'en va
13%
Amoureuse 5 Mariavah
13%
Laisse-la vivre 1 Monsieur Dupont
13%
Moi le venin 10 Mortelles pensées
13%
Plusieurs lunes 3 Pas bô, pas bien
13%
D'un papillon à une étoile 10 Peut-être toi, peut-être moi
13%
Amoureuse 6 Pour les Michel
13%
D'un papillon à une étoile 1 Pour me comprendre
13%
Véronique Sanson 2 Poussière de pollen
13%
Plusieurs lunes 4 Qu'on me pardonne
13%
Moi le venin 4 Radio vipère
13%
Plusieurs lunes 7 Sale p'tite mélodie
13%
Dignes, dingues, donc... 7 Sans foi ni loi
13%
Plusieurs lunes 9 Say My Last Goodbye
13%
Plusieurs lunes 8 Si toutes les saisons
13%
D'un papillon à une étoile 3 Si tu t'en vas
13%
Plusieurs lunes 12 Tout dépend d'elle
13%
Amoureuse 2 Tout est cassé tout est mort
13%
7ème 1 Toute une vie sans te voir
13%
Longue Distance 15 Triel-sur-Seine, très tôt, le matin
13%
Indestructible 3 Un amour qui m'irait bien
13%
Amoureuse 8 Vert vert vert
13%
Sans regrets 9 Visiteur et voyageur
13%
Plusieurs lunes 13 Vols d'horizons
13%
Longue Distance 7 Vue sur la mer
13%
Vancouver 2 When We're Together
13%
Hollywood 5 Y'a pas de doute il faut que je m'en aille
13%
Longue Distance 8 Y'a quelque chose là-dessous
13%
Plusieurs lunes 11 Yayabo Aka Yayavo
13%
Dignes, dingues, donc... 8 Zéro de conduite
13%
De l'autre côté de mon rêve 5 Angela
7%
Le Maudit 3 Cent fois
7%
Amoureuse 11 C'est le moment
7%
Hollywood 3 Comment crois-tu que la musique vienne
7%
Longue Distance 13 De bric et de broc
7%
Dignes, dingues, donc... 9 Et s'il était une fois
7%
Laisse-la vivre 4 Fais attention à mon amour
7%
Laisse-la vivre 9 Jaime Magdaleno de Barcelona
7%
De l'autre côté de mon rêve 10 King Kong
7%
Le Maudit 9 Les Cloches de Carmel
7%
Amoureuse 3 L'Irréparable
7%
De l'autre côté de mon rêve 8 Loreleï
7%
7ème 8 Maso
7%
De l'autre côté de mon rêve 1 Morale
7%
7ème 10 Pour celle que j'aime
7%
Amoureuse 7 Pour qui
7%
7ème 9 Salsa
7%
Laisse-la vivre 6 Santa Monica
7%
7ème 4 Si je danse pour toi
7%
De l'autre côté de mon rêve 4 Toute seule
7%
Sans regrets 7 Une odeur de neige
7%
Longue Distance 5 Désir de désir
0%
Vancouver 4 Donne-toi
0%
Indestructible 4 Hôtel Biron-Chambre 22
0%
Vancouver 5 Une maison après la mienne
0%
Aucun quiz correspondant
Distribution des résultats
% des personnes avec chaque résultat
Percentile par nombre de réponses
Votre historique - résultats
Vous n’avez pas pris ce quiz